000 00965cam a2200277 a 4500
001 7673
003 BD-RjUL
005 20211208234444.0
008 140115s1994 caua b 001 0 eng d
020 _a0805353402
035 _a(BD-RjUL)7717
040 _aDLC
_cDLC
_dDLC
_d(BD-RjUL)
_beng
041 _aeng
082 0 0 _a005.11
_220
_bBOO
100 1 _aBooch, Grady.
_923923
245 1 0 _aObject-oriented analysis and design with applications /
_cGrady Booch.
250 _a2nd ed.
260 _aRedwood City, Calif. :
_bBenjamin/Cummings Pub. Co.,
_cc1994.
300 _axvii, 589 p. :
_bill. ;
_c24 cm.
500 _aRev. ed of: Object-oriented design with applications.
504 _aIncludes bibliographical references (p. 521-578) and index.
650 0 _aObject-oriented programming (Computer science)
_923925
942 _2ddc
_cBK
999 _c7673
_d7673